Economic and industrial organizations.
| Format: | Book |
|---|---|
| Published: |
Tokyo:
The Tokyo Chamber of Commerce and Industry,
2002.
|
| Subjects: |
| LEADER | 00483cam a2200157 7i4500 | ||
|---|---|---|---|
| 001 | 0000023176 | ||
| 005 | 20090713090000.0 | ||
| 020 | 0 | 0 | |a 4-924547-27-1 |
| 090 | 0 | 0 | |a JAPN 338.6 |b ECO |
| 245 | 0 | 0 | |a Economic and industrial organizations. |
| 260 | 0 | 0 | |a Tokyo: |b The Tokyo Chamber of Commerce and Industry, |c 2002. |
| 300 | # | # | |a 325 p. |
| 650 | 0 | 0 | |a Industrial organization -- |z Japan |
| 650 | 0 | 0 | |a Economies -- |z Japan |
| 651 | 0 | 0 | |a Japan |
| 999 | |a 0000021986 |b Book |c Countries |e Business Information Centre | ||


